00594nam a2200169Ia 4500008004100000020002100041041000800062082001500070100003500085245006400120260004100184300000900225520002100234906002000255999001700275952013200292221007s9999 xx 000 0 und d a978-81265-5639-7 aeng a158.1bCHA aChauhan G S & Sharma S9103604 aSoft SkillsbAn Integrated Approach To Maximise Personality c2016bWiley India (p) LtdaNew Delhi a244p aB14030 June 2016 a111.72bGeneral c74527d74527 00104070aHIMRbHIMRd2016-03-30ePritam Book Centrel0o158.1 CHApHIMR-AV-2172r2022-10-07 00:00:00w2022-10-07yVCzAV2172